UAE cities by picture - Statistics

General Stats
  • This quiz has been taken 111 times
  • The average score is 5 of 8
Answer Stats
Picture Answer % Correct
Dubai
100%
Abu Dhabi
95%
Ajman
76%
Sharjah
74%
Ras Al Khaimah
64%
Umm Al Quwain
49%
Khor Fakkan
17%
Dibba Al Hisn
14%
No matching quizzes found
Score Distribution
Percent of People with Each Score
Percentile by Number Answered
Your Score History
You have not taken this quiz